00986nam a2200253 a 4500001001000000005001700010008004100027041000800068044000700076050002300083100003300106245015300139260002900292300005700321500000900378500003500387504002900422505007000451650003000521650003800551650006300589650004600652700003400698BRCA_808520190320210126.0040414s1950----sp-a###f##---#001-0#spa-# aspa asp 4aNK4123b.A77c19501 aSpencer Cook, Walter William10aArs Hispaniaebhistoria universal del arte hispánicocPinturas e imaginerías románicas por Walter William Spencer Cook y José Gudiol Ricart. aMadridbPlus Ultrac1950 a404 p.bil. (algunas a color), 444 láminasc29 cm. aY117 aVer también AA67, T64 e Y118 aBibliografía p.391-3940 aContenido: V.6. Pintura mural. Pintura sobre tabla. Imaginería.14aArte románicozEspaña14apintura muralvHistoriazEspaña14aPintura sobre maderavComposiciones artísticaszEspaña14aImagineríavArtes plásticaszEspaña1 aGudiol Ricart, Joséecoaut.